000 00232nam a2200109Ia 4500
100 _a#N/A
942 _cBK
654 _aengineering of materials
245 _aScince of Engineering of Materials
260 _b#N/A
546 _aENGLISH
999 _c26423
_d26423